Выставка строительных материалов в Берлине: отчет по командировке с 1 табл. чертежей и 20 рис. в тексте; Известия Томского Технологического Института [Известия ТТИ]; Т. 27, № 3

Detalles Bibliográficos
Parent link:Известия Томского Технологического Института [Известия ТТИ]/ Томский технологический институт (ТТИ).— , 1903-1925
Т. 27, № 3.— 1912
Autor principal: Юферев В. Ф.
Sumario:Заглавие с титульного листа
Электронная версия печатной публикации
Lenguaje:ruso
Publicado: 1912
Materias:
Acceso en línea:Черно-белая версия для предварительного просмотра
Цветная версия без потери качества
Formato: MixedMaterials Electrónico Capítulo de libro
KOHA link:https://koha.lib.tpu.ru/cgi-bin/koha/opac-detail.pl?biblionumber=178717

MARC

LEADER 00000nla2a2200000 4500
001 178717
005 20231031170015.0
035 |a (RuTPU)RU\TPU\book\193729 
035 |a RU\TPU\book\193726 
090 |a 178717 
100 |a 20100408d1912 k y0rusy50 ca 
101 0 |a rus 
102 |a RU 
135 |a drnn ---uucaa 
181 0 |a i  
182 0 |a b 
200 1 |a Выставка строительных материалов в Берлине  |b Электронный ресурс  |e отчет по командировке с 1 табл. чертежей и 20 рис. в тексте  |f В. Ф. Юферев 
203 |a Текст  |c электронный 
215 |a 2 файла (3.5 Мб, 57.3 Мб) 
230 |a Электронные текстовые данные (2 файла : 3.5 Мб, 57.3 Мб) 
300 |a Заглавие с титульного листа 
300 |a Электронная версия печатной публикации 
337 |a Adobe Reader 
461 1 |0 (RuTPU)RU\TPU\book\165999  |t Известия Томского Технологического Института [Известия ТТИ]  |f Томский технологический институт (ТТИ)  |d 1903-1925 
463 1 |0 (RuTPU)RU\TPU\book\193721  |t Т. 27, № 3  |d 1912  |p 270 с. 
610 1 |a электронный ресурс 
610 1 |a труды учёных ТПУ 
700 1 |a Юферев  |b В. Ф. 
801 1 |a RU  |b 63413507  |c 20090320  |g PSBO 
801 2 |a RU  |b 63413507  |c 20100927  |g PSBO 
856 4 |u http://www.lib.tpu.ru/fulltext/v/Bulletin_TPU/1912/v27/a4_bw.pdf  |z Черно-белая версия для предварительного просмотра 
856 4 |u http://www.lib.tpu.ru/fulltext/v/Bulletin_TPU/1912/v27/a4_full.pdf  |z Цветная версия без потери качества 
942 |c CF